| 000 | 00732nam a2200217Ia 4500 | ||
|---|---|---|---|
| 003 | OSt | ||
| 005 | 20230616110950.0 | ||
| 008 | 210423s2019 xx 000 0 und d | ||
| 020 | _a978-93-12146-48-4 | ||
| 040 | _cAL | ||
| 041 | _aeng | ||
| 082 |
_a540.02 _223 _bGUPU |
||
| 100 |
_aGUPTA (Preeti);TOMAR (Aditya);SHARMA (Naveen) _993298 |
||
| 245 |
_aUGC CSIR NET/SET JRF and LS: chemical sciences _bJunior research fellowship and lectureship |
||
| 260 |
_aNew Delhi _bArihant Publications Ltd _c2019 |
||
| 300 |
_a1434 _bPB |
||
| 365 |
_b895 _cINR |
||
| 650 |
_aChemistry _993299 |
||
| 906 | _aChemical ; CSIR ; fellowship ; JRF ; Junior ; lectureship ; LS: ; NET/SET ; NET/SET: ; research ; sciences ; UGC | ||
| 942 |
_2ddc _cBK |
||
| 999 |
_c170342 _d170342 |
||